000 00471nam a2200157Ia 4500
999 _c19007
_d19007
003 OSt
005 20200702113659.0
008 190216s9999||||xx |||||||||||||| ||und||
040 _coclc
082 _a915.4
_bRAO/I
100 _aRao, R V Ramachandrasekhara
_93447
245 0 _aIndian Unity A Symposium /
_cR V Ramachandrasekhara Rao
260 _bPublications Division,
_c1969.
300 _a152p
942 _cBK
_2ddc
_h915.4
_iRAO/I
_k915.4
_mRAO/I